Quick Pick: Discontinued Olympic Sports Quiz Stats

 Plays Quiz Updated Jul 21, 2017

Support Sporcle.
Go Orange.
Score 0/10 Timer 01:00
1 Play Today
% Correct
Polo
79.3%
Cricket
76.8%
Lacrosse
72.6%
Tug of War
72.5%
Croquet
65.5%
Running Target Shooting
51%
Rope Climbing
49.9%
Underwater Swimming
48.8%
Basque Pelota
35.9%
Water Motorsports
30.3%

Today's Daily Dose

Word Ladder
New Dimensions!

Quick Pick
'Animal' Fish

Get the Picture
Bird or Food?

You're not logged in!

Compare scores with friends on all Sporcle quizzes.
OR
Log In
Forgot?

From the Vault

Movie Equations

by bugsnnuts

I highly recommend seeing L S A 2 S B and T 40 Y O V..thumbs up!
Remove Ads.
Support Sporcle.
Get the best of Sporcle when you Go Orange. This ad-free experience offers more features, more stats, and more fun while also helping to support Sporcle. Thank you for becoming a member.

Show Comments

Extras

Top Quizzes Today


Score Distribution

Your Account Isn't Verified!

In order to create a playlist on Sporcle, you need to verify the email address you used during registration. Go to your Sporcle Settings to finish the process.

Report this User

Report this user for behavior that violates our Community Guidelines.

Details: